Розповіді про запорозьких козаків (Запис № 356222)

МАРК-запис
000 -Лідер
fixed length control field 00753nam a22002537a 4500
001 - Контрольний номер
control field 70102
003 - Ідентифікатор контрольного номера
control field UA-OsUOA
005 - Дата та час останнього входження (трансакції)
control field 20230922122553.0
007 - Фіксоване поле фізичного опису
fixed length control field ta
008 - Елементи даних фіксованої довжини – загальна інформація
fixed length control field 20100827b un ||||| |||| 00| 0 ukr d
020 ## - Міжнародний стандартний книжковий номер (ISBN)
Міжнародний стандартний книжковий номер (ISBN) (НП) 5308013713
040 ## - Джерело каталогізації
Агенція оригінальної каталогізації UA-OsUOA
Мова каталогізації ukr
Агенція, яка здійснювала перезапис UA-OsUOA
Агенція, яка здійснювала модифікацію UA-OsUOA
041 ## - Код мови
Код мови тексту/ звукової доріжки чи окремого заголовка (П) ukr
080 ## - Індекс Універсальної десяткової класифікації
Індекс Універсальної десяткової класифікації (УДК) (НП) 94(477).04
090 ## - Локальний шифр розміщення
Класифікаційний індекс УДК 94(477).04
Авторський знак (НП) А76
100 ## - Основне введення – ім’я особи
Ім’я особи (НП) Апанович О.
245 ## - Відомості про назву
Назва (НП) Розповіді про запорозьких козаків
Дані про відповідальність (НП) Олена Апанович
260 ## - Публікація, розповсюдження і т.п. (Вихідні дані)
Місце публікації, розповсюдження і т.п. (П) К.
Ім’я/ наймення видавництва, розповсюджувача і т.п. (П) Дніпро
Дата публікації, розповсюдження і т.п. (П) 1991
300 ## - Фізичний опис
Обсяг 335 с.
650 #7 - Додаткове предметне введення – тематичний термін
Тематичний термін чи географічна назва, як елемент введення (НП) 9 Географія. Біографії. Історія
Джерело заголовка чи терміна UDC
942 ## - Додаткові елементи входу (Коха)
Тип елемента Koha Книги
Source of classification or shelving scheme Universal Decimal Classification
955 ## - Код типу видання за змістом
Код типу видання за змістом (НП) Літературно-художні видання
Фонди
Стан вилучень Стан втрат Джерело класифікації або схеми стелажів Стан уражень Не для кредиту Постійне місце розташування Поточне розміщення Дата придбання Джерело придбання Вартість, звичайна ціна покупки Інвентарний номер Усього замовленно Повний номер виклику Штрих-код Дата останнього перегляду Ціна ефективна від Тип елемента Koha Код колекції Вартість, ціна заміни
    Universal Decimal Classification     АБ - Абонемент НБ АБ - Абонемент НБ 27/08/2010 69/2010 14.00 129059   94(477).04 А76 129059 11/05/2022 27/08/2010 Книги    
    Universal Decimal Classification     АБ - Абонемент НБ АБ - Абонемент НБ 26/11/2013 63/2013 14.00 144281   94(477).04 А76 144281 06/02/2022 27/08/2010 Книги Колекція Жулинського М.Г.  
    Universal Decimal Classification     АБ - Абонемент НБ АБ - Абонемент НБ 08/09/2020   10.00     94(477).04 А76 56451 29/09/2021 08/09/2020 Книги   10.00
    Universal Decimal Classification     ЧЗ - Читальна зала ЧЗ - Читальна зала 22/09/2022         94(477).04 А76 92649 22/09/2023 22/09/2023 Книги Колекція Крекотня В. І.